A szegedi középiskolás gyermekek társadalmi helyzete és szociális gondolkodása /9-15 évig/

Elmentve itt :
Bibliográfiai részletek
Szerző: Csiszár Béla
További közreműködők: nincs megadva (Témavezető)
Dokumentumtípus: Szakdolgozat
Megjelent: 1940
Tárgyszavak:
Online Access:http://diploma.bibl.u-szeged.hu/115326
LEADER 00652nta a2200181 i 4500
001 dipl115326
005 20220201103855.0
008 210513s1940 hu om 0|| zxx d
040 |a SZTE Diploma Repozitórium  |b hun 
041 |a zxx 
100 1 |a Csiszár Béla 
245 1 2 |a A szegedi középiskolás gyermekek társadalmi helyzete és szociális gondolkodása /9-15 évig/  |h [elektronikus dokumentum] /  |c Béla Csiszár 
260 |c 1940 
650 4 |a Pedagógusképzés 
650 4 |a Social sciences 
650 4 |a Sociology 
700 1 |a nincs megadva  |e ths 
856 4 0 |u http://diploma.bibl.u-szeged.hu/id/eprint/115326/1/1940_csiszar_bela.pdf  |z Dokumentum-elérés